000 00412nam a2200145Ia 4500
008 220216s9999 xx 000 0 und d
100 _aCheaw C H
245 0 _aMetrication and changes to the chee method of determining the dry rubber content of field latex
260 _bPlanters Bulletin
_c1981
300 _a136-149
650 _aChee method
650 _aDry rubber
650 _aField latex
942 _cJS
999 _c62886
_d62886